000 00483nmm a2200169Ia 4500
008 251105s9999||||xx |||||||||||||||||und||
020 _a9789562828932
041 _aspa
100 _aGonzález, Sonia
245 0 _aLa preciosa vida que soñamos
264 _a[Santiago de Chile, Chile] :
_bLOM Ediciones,
_c2007
300 _a172 páginas
490 _aNarrativa
650 _aLatin American narrative
856 _uhttps://public.digitaliapublishing.com/a/13228
942 _cCF
999 _c94319
_d94319